000 00652cam a2200217Ia 4500
020 _a0060574216
020 _a9780060574215
040 _cNTG
082 0 4 _a646 MEN 2004 C275 Or.
100 1 _aGray, John,
245 1 0 _aMen are from Mars, women are from Venus :
_bthe classic guide to understanding the opposite sex /
250 _a1st Quill ed.
260 _aNew York :
_bHarperCollins Publishers,
_c2004.
300 _axxxiii, 323 p. ;
_c20 cm.
650 0 _aMarriage.
650 0 _aCommunication in marriage.
650 0 _aInterpersonal relations.
650 0 _aCommunication
650 0 _aSex differences (Psychology)
942 _cAEDBB
999 _c21257
_d21257